000 00314 a2200109 4500
001 ART_46786
005 20260410162000.0
008 260409a
245 1 0 _aEuropa en transición
100 1 _aKühnhardt, Ludger
773 0 _tArchivos del presente
_g- Año 16, Nº 57/58 (ene. 2012)
_wREV28180
999 _c31172
_d31172